| Tag |
First Indicator |
Second Indicator |
Subfields |
| LEADER |
00000cam a2200000 a 4500 |
| 001 |
in00000027055 |
| 005 |
20151007055853.0 |
| 008 |
870715s1986 enka 00100 eng d |
| 010 |
|
|
|a gb 87037485
|
| 015 |
|
|
|a GB87-37485
|
| 020 |
|
|
|a 0907061834 (cased) :
|c No price
|
| 020 |
|
|
|a 0907061842 (pbk) :
|c £8.95
|
| 035 |
|
|
|a (OCoLC)16685311
|
| 035 |
|
|
|9 AAB9502AM
|
| 040 |
|
|
|a UKM
|c UKM
|d TXA
|d UtOrBLW
|
| 043 |
|
|
|a e-uk---
|
| 049 |
|
|
|a TXAM
|c [A11032415]
|
| 050 |
|
4 |
|a NA7126
|b .P52 1986
|
| 082 |
0 |
|
|a 728/.022/3
|2 19
|
| 245 |
0 |
0 |
|a Plans for dream homes /
|c introduced and selected by Murray Armor.
|
| 264 |
|
1 |
|a Bridport, Dorset ;
|a San Leandro, Calif. :
|b Prism Press,
|c 1986.
|
| 300 |
|
|
|a 447 pages :
|b illustrations (some color), plans ;
|c 31 cm.
|
| 336 |
|
|
|a text
|b txt
|2 rdacontent
|
| 337 |
|
|
|a unmediated
|b n
|2 rdamedia
|
| 338 |
|
|
|a volume
|b nc
|2 rdacarrier
|
| 500 |
|
|
|a Includes index.
|
| 650 |
|
0 |
|a Architecture, Domestic
|v Designs and plans.
|
| 700 |
1 |
|
|a Armor, Murray.
|
| 999 |
|
|
|a MARS
|
| 999 |
f |
f |
|s 24a95c0d-3f92-370c-9e15-d6c81e1b4ebc
|i 377a29c9-d46d-3e10-9b0d-3b5f9d5bbd9d
|t 0
|
| 952 |
f |
f |
|p normal
|a Texas A&M University
|b College Station
|c Sterling C. Evans Library
|d Evans: Library Stacks
|t 0
|e NA7126 .P52 1986
|h Library of Congress classification
|i unmediated -- volume
|m A14811032415
|
| 998 |
f |
f |
|a NA7126 .P52 1986
|t 0
|l Evans: Library Stacks
|